Statistics for Flags of the World Chain Game #4

Click here to take the quiz!

General Stats

  • This quiz has been taken 590 times
  • The average score is 9 of 12

Answer Stats

Hint Answer % Correct
HTML tutorial Russia
100%
HTML tutorial Pakistan
94%
HTML tutorial Cyprus
93%
HTML tutorial Kenya
91%
HTML tutorial Niger
75%
HTML tutorial Venezuela
73%
HTML tutorial Belarus
71%
HTML tutorial Iceland
67%
HTML tutorial Haiti
67%
HTML tutorial Oman
62%
HTML tutorial Libya
58%
Papua New Guinea
57%

Score Distribution

Percentile by Number Answered

Percent of People with Each Score

Your Score History

You have not taken this quiz